<?xml version="1.0" encoding="UTF-8"?>
<record
    xmlns:xsi="http://www.w3.org/2001/XMLSchema-instance"
    xsi:schemaLocation="http://www.loc.gov/MARC21/slim http://www.loc.gov/standards/marcxml/schema/MARC21slim.xsd"
    xmlns="http://www.loc.gov/MARC21/slim">

  <leader>00553nam a2200229Ia 4500</leader>
  <controlfield tag="005">20230315171924.0</controlfield>
  <controlfield tag="008">230125s9999    xx            000 0 und d</controlfield>
  <datafield tag="020" ind1=" " ind2=" ">
    <subfield code="a">9780199464852</subfield>
  </datafield>
  <datafield tag="041" ind1=" " ind2=" ">
    <subfield code="a">eng</subfield>
  </datafield>
  <datafield tag="082" ind1=" " ind2=" ">
    <subfield code="a">659.1</subfield>
    <subfield code="b">DUT</subfield>
  </datafield>
  <datafield tag="100" ind1=" " ind2=" ">
    <subfield code="a">Dutta K</subfield>
  </datafield>
  <datafield tag="245" ind1=" " ind2=" ">
    <subfield code="a">Integrated Marketing Communications</subfield>
  </datafield>
  <datafield tag="250" ind1=" " ind2=" ">
    <subfield code="a">1st Ed.</subfield>
  </datafield>
  <datafield tag="260" ind1=" " ind2=" ">
    <subfield code="c">2016</subfield>
    <subfield code="b">Oxford University Press</subfield>
    <subfield code="a">New Delhi</subfield>
  </datafield>
  <datafield tag="300" ind1=" " ind2=" ">
    <subfield code="a">489p</subfield>
  </datafield>
  <datafield tag="500" ind1=" " ind2=" ">
    <subfield code="a">advertising</subfield>
  </datafield>
  <datafield tag="650" ind1=" " ind2=" ">
    <subfield code="a">advertising</subfield>
  </datafield>
  <datafield tag="700" ind1=" " ind2=" ">
    <subfield code="a">Dutta K</subfield>
  </datafield>
  <datafield tag="906" ind1=" " ind2=" ">
    <subfield code="b">184.45</subfield>
  </datafield>
  <datafield tag="942" ind1=" " ind2=" ">
    <subfield code="c">BK</subfield>
  </datafield>
  <datafield tag="999" ind1=" " ind2=" ">
    <subfield code="c">94698</subfield>
    <subfield code="d">94698</subfield>
  </datafield>
  <datafield tag="952" ind1=" " ind2=" ">
    <subfield code="0">0</subfield>
    <subfield code="1">0</subfield>
    <subfield code="4">0</subfield>
    <subfield code="7">0</subfield>
    <subfield code="a">HIMR</subfield>
    <subfield code="b">HIMR</subfield>
    <subfield code="d">2017-03-02</subfield>
    <subfield code="e">Suyog Enterprises</subfield>
    <subfield code="g">595.00</subfield>
    <subfield code="i">SE/SI/3814</subfield>
    <subfield code="l">0</subfield>
    <subfield code="o">659.1 DUT B15537</subfield>
    <subfield code="p">HIMR-BK-15537</subfield>
    <subfield code="r">2023-01-25 00:00:00</subfield>
    <subfield code="v">410.55</subfield>
    <subfield code="w">2017-02-27</subfield>
    <subfield code="y">BK</subfield>
    <subfield code="z">B15537</subfield>
  </datafield>
  <datafield tag="952" ind1=" " ind2=" ">
    <subfield code="0">0</subfield>
    <subfield code="1">0</subfield>
    <subfield code="4">0</subfield>
    <subfield code="7">0</subfield>
    <subfield code="a">HIMR</subfield>
    <subfield code="b">HIMR</subfield>
    <subfield code="d">2018-11-02</subfield>
    <subfield code="e">Pritam Book Centre</subfield>
    <subfield code="g">595.00</subfield>
    <subfield code="i">10707</subfield>
    <subfield code="l">0</subfield>
    <subfield code="o">659.1 DUT B17337</subfield>
    <subfield code="p">HIMR-BK-17337</subfield>
    <subfield code="r">2023-01-25 00:00:00</subfield>
    <subfield code="v">568.00</subfield>
    <subfield code="w">2018-11-01</subfield>
    <subfield code="y">BK</subfield>
    <subfield code="z">B17337</subfield>
  </datafield>
  <datafield tag="952" ind1=" " ind2=" ">
    <subfield code="0">0</subfield>
    <subfield code="1">0</subfield>
    <subfield code="4">0</subfield>
    <subfield code="7">0</subfield>
    <subfield code="a">HIMR</subfield>
    <subfield code="b">HIMR</subfield>
    <subfield code="d">2018-11-02</subfield>
    <subfield code="e">Pritam Book Centre</subfield>
    <subfield code="g">595.00</subfield>
    <subfield code="i">10707</subfield>
    <subfield code="l">0</subfield>
    <subfield code="o">659.1 DUT B17338</subfield>
    <subfield code="p">HIMR-BK-17338</subfield>
    <subfield code="r">2023-01-25 00:00:00</subfield>
    <subfield code="v">568.00</subfield>
    <subfield code="w">2018-11-01</subfield>
    <subfield code="y">BK</subfield>
    <subfield code="z">B17338</subfield>
  </datafield>
  <datafield tag="952" ind1=" " ind2=" ">
    <subfield code="0">0</subfield>
    <subfield code="1">0</subfield>
    <subfield code="4">0</subfield>
    <subfield code="7">0</subfield>
    <subfield code="a">HIMR</subfield>
    <subfield code="b">HIMR</subfield>
    <subfield code="d">2018-11-02</subfield>
    <subfield code="e">Pritam Book Centre</subfield>
    <subfield code="g">595.00</subfield>
    <subfield code="i">10707</subfield>
    <subfield code="l">0</subfield>
    <subfield code="o">659.1 DUT B17339</subfield>
    <subfield code="p">HIMR-BK-17339</subfield>
    <subfield code="r">2023-01-25 00:00:00</subfield>
    <subfield code="v">568.00</subfield>
    <subfield code="w">2018-11-01</subfield>
    <subfield code="y">BK</subfield>
    <subfield code="z">B17339</subfield>
  </datafield>
  <datafield tag="952" ind1=" " ind2=" ">
    <subfield code="0">0</subfield>
    <subfield code="1">0</subfield>
    <subfield code="4">0</subfield>
    <subfield code="7">0</subfield>
    <subfield code="a">HIMR</subfield>
    <subfield code="b">HIMR</subfield>
    <subfield code="d">2018-11-02</subfield>
    <subfield code="e">Pritam Book Centre</subfield>
    <subfield code="g">595.00</subfield>
    <subfield code="i">10707</subfield>
    <subfield code="l">1</subfield>
    <subfield code="o">659.1 DUT B17340</subfield>
    <subfield code="p">HIMR-BK-17340</subfield>
    <subfield code="r">2023-10-30 00:00:00</subfield>
    <subfield code="s">2023-10-18</subfield>
    <subfield code="v">568.00</subfield>
    <subfield code="w">2018-11-01</subfield>
    <subfield code="y">BK</subfield>
    <subfield code="z">B17340</subfield>
  </datafield>
  <datafield tag="952" ind1=" " ind2=" ">
    <subfield code="0">0</subfield>
    <subfield code="1">0</subfield>
    <subfield code="4">0</subfield>
    <subfield code="7">0</subfield>
    <subfield code="a">HIMR</subfield>
    <subfield code="b">HIMR</subfield>
    <subfield code="d">2018-11-02</subfield>
    <subfield code="e">Pritam Book Centre</subfield>
    <subfield code="g">595.00</subfield>
    <subfield code="i">10707</subfield>
    <subfield code="l">0</subfield>
    <subfield code="o">659.1 DUT B17341</subfield>
    <subfield code="p">HIMR-BK-17341</subfield>
    <subfield code="r">2023-01-25 00:00:00</subfield>
    <subfield code="v">568.00</subfield>
    <subfield code="w">2018-11-01</subfield>
    <subfield code="y">BK</subfield>
    <subfield code="z">B17341</subfield>
  </datafield>
  <datafield tag="952" ind1=" " ind2=" ">
    <subfield code="0">0</subfield>
    <subfield code="1">0</subfield>
    <subfield code="4">0</subfield>
    <subfield code="7">0</subfield>
    <subfield code="a">HIMR</subfield>
    <subfield code="b">HIMR</subfield>
    <subfield code="d">2018-11-02</subfield>
    <subfield code="e">Pritam Book Centre</subfield>
    <subfield code="g">595.00</subfield>
    <subfield code="i">10707</subfield>
    <subfield code="l">0</subfield>
    <subfield code="o">659.1 DUT B17342</subfield>
    <subfield code="p">HIMR-BK-17342</subfield>
    <subfield code="r">2023-01-25 00:00:00</subfield>
    <subfield code="v">568.00</subfield>
    <subfield code="w">2018-11-01</subfield>
    <subfield code="y">BK</subfield>
    <subfield code="z">B17342</subfield>
  </datafield>
  <datafield tag="952" ind1=" " ind2=" ">
    <subfield code="0">0</subfield>
    <subfield code="1">0</subfield>
    <subfield code="4">0</subfield>
    <subfield code="7">0</subfield>
    <subfield code="a">HIMR</subfield>
    <subfield code="b">HIMR</subfield>
    <subfield code="d">2018-11-02</subfield>
    <subfield code="e">Pritam Book Centre</subfield>
    <subfield code="g">595.00</subfield>
    <subfield code="i">10707</subfield>
    <subfield code="l">0</subfield>
    <subfield code="o">659.1 DUT B17343</subfield>
    <subfield code="p">HIMR-BK-17343</subfield>
    <subfield code="r">2023-01-25 00:00:00</subfield>
    <subfield code="v">568.00</subfield>
    <subfield code="w">2018-11-01</subfield>
    <subfield code="y">BK</subfield>
    <subfield code="z">B17343</subfield>
  </datafield>
  <datafield tag="952" ind1=" " ind2=" ">
    <subfield code="0">0</subfield>
    <subfield code="1">0</subfield>
    <subfield code="4">0</subfield>
    <subfield code="7">0</subfield>
    <subfield code="a">HIMR</subfield>
    <subfield code="b">HIMR</subfield>
    <subfield code="d">2018-11-02</subfield>
    <subfield code="e">Pritam Book Centre</subfield>
    <subfield code="g">595.00</subfield>
    <subfield code="i">10707</subfield>
    <subfield code="l">0</subfield>
    <subfield code="o">659.1 DUT B17344</subfield>
    <subfield code="p">HIMR-BK-17344</subfield>
    <subfield code="r">2023-01-25 00:00:00</subfield>
    <subfield code="v">568.00</subfield>
    <subfield code="w">2018-11-01</subfield>
    <subfield code="y">BK</subfield>
    <subfield code="z">B17344</subfield>
  </datafield>
  <datafield tag="952" ind1=" " ind2=" ">
    <subfield code="0">0</subfield>
    <subfield code="1">0</subfield>
    <subfield code="4">0</subfield>
    <subfield code="7">0</subfield>
    <subfield code="a">HIMR</subfield>
    <subfield code="b">HIMR</subfield>
    <subfield code="d">2018-11-02</subfield>
    <subfield code="e">Pritam Book Centre</subfield>
    <subfield code="g">595.00</subfield>
    <subfield code="i">10707</subfield>
    <subfield code="l">0</subfield>
    <subfield code="o">659.1 DUT B17345</subfield>
    <subfield code="p">HIMR-BK-17345</subfield>
    <subfield code="r">2023-01-25 00:00:00</subfield>
    <subfield code="v">568.00</subfield>
    <subfield code="w">2018-11-01</subfield>
    <subfield code="y">BK</subfield>
    <subfield code="z">B17345</subfield>
  </datafield>
  <datafield tag="952" ind1=" " ind2=" ">
    <subfield code="0">0</subfield>
    <subfield code="1">0</subfield>
    <subfield code="4">0</subfield>
    <subfield code="7">0</subfield>
    <subfield code="a">HIMR</subfield>
    <subfield code="b">HIMR</subfield>
    <subfield code="d">2018-11-02</subfield>
    <subfield code="e">Pritam Book Centre</subfield>
    <subfield code="g">595.00</subfield>
    <subfield code="i">10707</subfield>
    <subfield code="l">0</subfield>
    <subfield code="o">659.1 DUT B17336</subfield>
    <subfield code="p">HIMR-BK-17336</subfield>
    <subfield code="r">2023-01-25 00:00:00</subfield>
    <subfield code="v">568.00</subfield>
    <subfield code="w">2018-11-20</subfield>
    <subfield code="y">BK</subfield>
    <subfield code="z">B17336</subfield>
  </datafield>
  <datafield tag="952" ind1=" " ind2=" ">
    <subfield code="0">0</subfield>
    <subfield code="1">0</subfield>
    <subfield code="4">0</subfield>
    <subfield code="7">0</subfield>
    <subfield code="a">HIMR</subfield>
    <subfield code="b">HIMR</subfield>
    <subfield code="d">2018-03-20</subfield>
    <subfield code="e">Pritam Book Centre</subfield>
    <subfield code="g">595.00</subfield>
    <subfield code="i">10584</subfield>
    <subfield code="l">1</subfield>
    <subfield code="o">659.1 DUT B17017</subfield>
    <subfield code="p">HIMR-BK-17017</subfield>
    <subfield code="q">2026-07-07</subfield>
    <subfield code="r">2026-01-08 15:33:06</subfield>
    <subfield code="s">2026-01-08</subfield>
    <subfield code="v">566.00</subfield>
    <subfield code="w">2018-03-19</subfield>
    <subfield code="y">BK</subfield>
    <subfield code="z">B17017</subfield>
  </datafield>
  <datafield tag="952" ind1=" " ind2=" ">
    <subfield code="0">0</subfield>
    <subfield code="1">0</subfield>
    <subfield code="4">0</subfield>
    <subfield code="7">0</subfield>
    <subfield code="a">HIMR</subfield>
    <subfield code="b">HIMR</subfield>
    <subfield code="d">2018-03-20</subfield>
    <subfield code="e">Pritam Book Centre</subfield>
    <subfield code="g">595.00</subfield>
    <subfield code="i">10584</subfield>
    <subfield code="l">0</subfield>
    <subfield code="o">659.1 DUT B17018</subfield>
    <subfield code="p">HIMR-BK-17018</subfield>
    <subfield code="r">2023-01-25 00:00:00</subfield>
    <subfield code="v">566.00</subfield>
    <subfield code="w">2018-03-19</subfield>
    <subfield code="y">BK</subfield>
    <subfield code="z">B17018</subfield>
  </datafield>
  <datafield tag="952" ind1=" " ind2=" ">
    <subfield code="0">0</subfield>
    <subfield code="1">0</subfield>
    <subfield code="4">0</subfield>
    <subfield code="7">0</subfield>
    <subfield code="a">HIMR</subfield>
    <subfield code="b">HIMR</subfield>
    <subfield code="d">2018-03-20</subfield>
    <subfield code="e">Pritam Book Centre</subfield>
    <subfield code="g">595.00</subfield>
    <subfield code="i">10584</subfield>
    <subfield code="l">0</subfield>
    <subfield code="o">659.1 DUT B17019</subfield>
    <subfield code="p">HIMR-BK-17019</subfield>
    <subfield code="r">2023-01-25 00:00:00</subfield>
    <subfield code="v">566.00</subfield>
    <subfield code="w">2018-03-19</subfield>
    <subfield code="y">BK</subfield>
    <subfield code="z">B17019</subfield>
  </datafield>
</record>
